000 01516nam a2200433 c 4500
001 10775
003 ES-MaCES
005 20150929135424.0
008 000710s1997 sp t 000 | spa d
017 _aZ 1470-1997
_bDL
035 _aCES20000008446m
040 _aES-MaCES
_bspa
_cES-MaCES
245 0 0 _aAnuario internacional CIDOB 1996
_b: claves para interpretar la política exterior española y las relaciones internacionales en 1996
_c[coordinación, Anna Borrull, Carmen Claudín ; edición, Albert Mauri]
250 _a[Ed. 1997]
260 _aBarcelona
_bFundació CIDOB
_c[1997]
300 _a438 p.
_c27 cm
541 _cCompra
650 4 _arelaciones internacionales
_926675
650 4 _arelaciones económicas
_926673
650 4 _acooperación internacional
_926635
650 4 _aayuda al desarrollo
_926634
650 4 _apolítica exterior
_926687
650 4 _aEspaña
_926964
650 4 _apapel de España
_929138
650 4 _a1996
_930975
650 4 _aanuario
_928963
650 4 _acuadros estadísticos
_928890
653 1 0 _aCiencias Sociales-Políticas
650 4 _926752
_aUE
700 1 _aBorrull, Anna
_ecol.
_98126
700 1 _aClaudín, Carmen
_ecol.
_99692
700 1 _aMauri, Albert
_eed. lit.
_918181
787 0 _tAnuario internacional CIDOB 2002
_w(ES-MaCES)16643
787 0 _tAnuario internacional CIDOB 1992
_w(ES-MaCES)431
710 2 _91819
_aCIDOB
902 _aLIB Libro
942 _2CES
_cBK
_h7.0.
999 _c10775
_d10775